Público y privado (Registro nro. 6944)

Detalles MARC
000 -LEADER
fixed length control field 00937 a2200217 4500
001 - CONTROL NUMBER
control field 60375
005 - DATE AND TIME OF LATEST TRANSACTION
control field 20260407155854.0
008 - FIXED-LENGTH DATA ELEMENTS--GENERAL INFORMATION
fixed length control field 260407a2000 arg spa d
003 - CONTROL NUMBER IDENTIFIER
control field AR-UNSa-BCEJYS
040 ## - CATALOGING SOURCE
Original cataloging agency AR-UNSa-BCEJYS
Language of cataloging spa
Transcribing agency AR-UNSa-BCEJYS
080 ## - UNIVERSAL DECIMAL CLASSIFICATION NUMBER
Universal Decimal Classification number 338.2
Common auxiliary subdivision Política económica. Control de la economía. Gestión de la economía. Planificación económica
020 ## - INTERNATIONAL STANDARD BOOK NUMBER
International Standard Book Number 978-84-344-1195-1
041 ## - LANGUAGE CODE
Language code of text/sound track or separate title spa
100 1# - MAIN ENTRY--PERSONAL NAME
Personal name Albi, Emilio
245 10 - TITLE STATEMENT
Title Público y privado
Name of part/section of a work un acuerdo necesario
264 #1 - PRODUCTION, PUBLICATION, DISTRIBUTION, MANUFACTURE, AND COPYRIGHT NOTICE
Place of production, publication, distribution, manufacture Barcelona :
Name of producer, publisher, distributor, manufacturer Ariel
Date of production, publication, distribution, manufacture, or copyright notice 2000
300 ## - PHYSICAL DESCRIPTION
Extent 283 p.
Dimensions 22 cm.
505 ## - FORMATTED CONTENTS NOTE
Formatted contents note 1. Estado, política y economía - 2. Las políticas públicas y su gestión - 3. La intervención económica, ¿para qué? Eficiencia, equidad y Estado del bienestar - 4. La financiación de la actividad pública - 5. Los grandes temas de la actuación estatal al comienzo del siglo XXI
590 ## - LOCAL NOTE (RLIN)
Local note niveau_biblio:m niveau_hierar:0
942 ## - ADDED ENTRY ELEMENTS (KOHA)
Koha item type
Existencias
Withdrawn status Lost status Damaged status Not for loan Home library Current library Shelving location Date acquired Total checkouts Full call number Barcode Date last seen Price effective from Koha item type Public note
        Biblioteca Prof. Eusebio Cleto del Rey Biblioteca Prof. Eusebio Cleto del Rey   07/04/2026   338.2 A335 L129130 07/04/2026 07/04/2026 Libro RESALTADOR AMARILLO Y ROSA - LÁPIZ